000
00325nam a2200133Ia 4500
008
220216s9999 xx 000 0 und d
100
_a
Jones Mark
245
0
_a
Low-temperature HNBR technology
260
_b
Rubber World
_c
2005
300
_a
39-41,44-46
650
_a
HNBR technology
700
_a
Files Edmee
942
_c
JS
999
_c
62329
_d
62329